Movies Where Eddie Murphy Plays Multiple Characters - Statistics

General Stats
  • This quiz has been taken 6 times
  • The average score is 4 of 7
Answer Stats
Characters Movie % Correct
3 Norbit
100%
4 Coming to America
80%
7 The Nutty Professor
80%
7 The Nutty Professor 2: The Klumps
80%
4 Coming 2 America
40%
3 Vampire in Brooklyn
20%
2 Bowfinger
0%
No matching quizzes found
Score Distribution
Percent of People with Each Score
Percentile by Number Answered
Your Score History
You have not taken this quiz